header

Disciplinary, moral, and ascetical works (Record no. 100039)

MARC details
000 -LEADER
fixed length control field 01510nam a2200361 a 4500
100 0# - MAIN ENTRY--AUTHOR NAME
Personal name Tertullian,
245 10 - TITLE STATEMENT
Title Disciplinary, moral, and ascetical works
260 ## - PUBLICATION, DISTRIBUTION, ETC. (IMPRINT)
Place of publication Washington, D.C. :
Name of publisher Catholic University of America Press,
Year of publication 1959.
300 ## - PHYSICAL DESCRIPTION
Number of Pages 323 p.
490 1# - SERIES STATEMENT
Series statement The Fathers of the church, a new translation ;
650 #0 - SUBJECT ADDED ENTRY--TOPICAL TERM
Topical Term Theology
700 1# - ADDED ENTRY--PERSONAL NAME
Personal name Arbesmann, Rudolphus,
Personal name Daly, Emily Joseph.
Personal name Quain, Edwin A.,
856 40 - ELECTRONIC LOCATION AND ACCESS
Uniform Resource Identifier http://site.ebrary.com/lib/rucke/Doc?id=10383928

No items available.

© 2026 Rongo University
Contact us: librarian | system librarian | Rongo university